Szczegóły MARC21

Przedsiębiorczość a lokalny i regionalny rozwój gospodarczy : materiały konferencji naukowej zorganizowanej przez Katedrę Przedsiębi orczości i Innowacji Akademii Ekonomicznej w Krakowie oraz Social Rese arch Center Northumbria University w Newcastle (Kraków, 14-15.IX.1999 r.) /

005 -DATA I CZAS OSTATNIEJ MODYFIKACJI [,]
    • @
    • pole kontrolne
    • 20070315155141.9
020 -Międzynarod. znormalizowany nr książki - ISBN [ , ]
    • a
    • Numer ISBN
    • 8372520232 Find
040 -Instytucja sporządzająca opis [ , ]
    • a
    • Instytucja, która sporządziła opis (NP)
    • SZCZ U
    • c
    • Instytucja, która sporządziła rekord (NP)
    • SZCZ U
942 -Rodzaj dokumentu [ , ]
    • c
    • Rodzaj dokumentu
    • Książka
245 -Strefa tytułu i oznaczenia odpowiedzialności [0, ]
    • a
    • Tytuł
    • Przedsiębiorczość a lokalny i regionalny rozwój gospodarczy : Find
    • b
    • Ciąg dalszy tytułu (NP)
    • materiały konferencji naukowej zorganizowanej przez Katedrę Przedsiębi orczości i Innowacji Akademii Ekonomicznej w Krakowie oraz Social Rese arch Center Northumbria University w Newcastle (Kraków, 14-15.IX.1999 r.) / Find
    • c
    • Pozostałe elementy strefy tytułu i oznaczenia odpowiedzialności (NP)
    • pod red. Jana Targalskiego.
260 -Strefa adresu wydawniczego [ , ]
    • a
    • Miejsce wydania (P)
    • Kraków :
    • b
    • Nazwa wydawcy (P)
    • Wydaw.Akademii Ekonomicznej
    • c
    • Data wydania (P)
    • 1999.
300 -Strefa opisu fizycznego [ , ]
    • a
    • Określenie formy książki i/lub objętość (NP)
    • 440 s. :
    • c
    • Format (NP)
    • 24 cm.
500 -Uwaga ogólna [ , ]
    • a
    • Uwaga ogólna (NP)
    • Tekst w jęz. pol. i ang. - Bibliogr
080 -Uniwersalna Klasyfikacja Dziesiętna [ , ]
    • a
    • Symbol klasyfikacji
    • 330.342.172(438)(061)"1989"
080 -Uniwersalna Klasyfikacja Dziesiętna [ , ]
    • a
    • Symbol klasyfikacji
    • :658.1/.5.011(438)(061)"1989"
080 -Uniwersalna Klasyfikacja Dziesiętna [ , ]
    • a
    • Symbol klasyfikacji
    • :332.14(438)(061)"1989"
980 -Symbol UKD [ , ]
    • a
    • UKD
    • 330.342.172:658.1/.5.011:332.14](438)(061)"1989"
700 -Hasło dodatkowe - nazwa osobowa [ , ]
    • a
    • Nazwa osobowa (NP)
    • Targalski Jan Find
920 -ISBN [ , ]
    • a
    • ISBN
    • 83-7252-023-2 Find
Status udost. Numer inwentarzowy Sygnatura Data inwentaryzacji Lokalizacja
-2T.5245T.52452001-04-23T